000 00341 a2200145 4500
001 121477
020 _a9788540308718
040 _cEscola Canadense de Niteroi
100 _aMaria Amélia Vieira
245 1 0 _aViver Valores - Linguagem 3 Anos
362 0 _a2018
490 0 _aViver Valores
650 4 _aLíngua Portuguesa
942 _cBK
999 _c121477
_d121477